Coureurs Tour de France 2025 - Statistiques

Statistiques générales
  • Ce quiz a été pris 372 fois
    371 depuis la dernière actualisation
  • Le résultat moyen est 71 sur 184
Statistiques - réponses
Equipe Coureurs % Correct
Mathieu Van der Poel
96%
Jasper Philipsen
91%
Tadej Pogacar
90%
Jonas Vingegaard
87%
Kévin Vauquelin
87%
Julian Alaphilippe
83%
Lenny Martinez
83%
Wout Van Aert
81%
Primoz Roglic
80%
Remco Evenepoel
80%
Adam Yates
79%
Simon Yates
79%
Biniam Girmay
76%
Arnaud De Lie
74%
Jonathan Milan
74%
Ben Healy
73%
Benjamin Thomas
72%
Geraint Thomas
72%
Joao Almeida
72%
Bryan Coquard
69%
Carlos Rodriguez
69%
Cristian Rodriguez
69%
Matteo Jorgenson
69%
Felix Gall
68%
Valentin Paret-Peintre
67%
Aurélien Paret-Peintre
66%
Sepp Kuss
65%
Ben O'Connor
64%
Florian Lipowitz
64%
Brent Van Moer
63%
Enric Mas
63%
Decathlon-AG2R La Mondiale (FRA) Bruno Armirail
62%
Tim Wellens
62%
Tim Merlier
60%
Arnaud Démare
59%
Pavel Sivakov
59%
Quinn Simmons
59%
Warren Barguil
59%
Anders Halland Johannessen
56%
Jonas Abrahamsen
56%
UAE Team Emirates-XRG (EAU) Nils Politt
56%
Uno-X Mobility (NOR) Tobias Halland Johannessen
56%
Valentin Madouas
56%
Bahrain-Victorious (BAH) Matej Mohoric
55%
Oscar Onley
55%
Groupama-FDJ (FRA) Romain Grégoire
55%
Team Visma-Lease a bike (HOL) Victor Campenaerts
55%
Anthony Turgis
54%
Marc Soler
54%
Santiago Buitrago
54%
Neilson Powless
52%
Kaden Groves
51%
Marijn Van den Berg
51%
Tiesj Benoot
51%
Jhonatan Narvaez
50%
Michael Woods
49%
Thymen Arensman
49%
Filippo Ganna
47%
Magnus Cort
47%
Tudor Pro Cycling Team (SUI) Marc Hirschi
47%
Michael Storer
46%
Ewen Costiou
45%
Jordan Jegat
45%
Mathieu Burgaudeau
44%
TotalEnergies (FRA) Mattéo Vercher
44%
Quentin Pacher
44%
Alpecin-Deceuninck (BEL) Jonas Rickaert
43%
Louis Barré
43%
Alex Baudin
42%
Edoardo Affini
41%
Soudal Quick-Step (BEL) Ilan Van Wilder
40%
Mattias Skjelmose
40%
Guillaume Martin-Guyonnet
39%
Matteo Trentin
39%
Alexander Vlasov
38%
Clément Champoussin
38%
Ion Izagirre
38%
Ivan Romeo
38%
Steff Cras
38%
Paul Penhoët
37%
Emmanuel Buchmann
36%
Jordi Meeus
36%
Danny Van Poppel
35%
Phil Bauhaus
35%
Alexey Lutsenko
34%
Ineos-Grenadiers (GBR) Axel Laurance
34%
Silvan Dillier
34%
Raul Garcia Pierna
33%
Xandro Meurisse
33%
Dylan Groenewegen
32%
Intermarché-Wanty (BEL) Georg Zimmermann
32%
Andreas Leknessund
31%
Frank Van den Broek
31%
Jasper Stuyven
31%
Bastien Tronchon
30%
Dylan Teuns
30%
Harold Tejada
30%
Luke Plapp
30%
Oliver Naesen
30%
Stefan Bissegger
30%
Cofidis (FRA) Alexis Renard
29%
Fred Wright
29%
Gianni Vermeersch
29%
Jack Haig
29%
EF Education-EasyPost (USA) Kasper Asgreen
29%
Alex Aranburu
28%
Mauro Schmid
28%
Clément Russo
27%
Movistar (ESP) Einer Rubio
27%
Émilien Jeannière
27%
Hugo Page
27%
Laurenz Rex
27%
Clément Berthet
26%
Pascal Ackerman
26%
Lidl-Trek (USA) Thibau Nys
26%
Edward Theuns
25%
Harry Sweeny
25%
Lewis Askey
25%
Mathis Le Berre
25%
Nelson Oliveira
25%
Tobias Foss
25%
Cees Bol
24%
Jake Stewart
24%
Marco Haller
24%
Mattia Cattaneo
24%
Pablo Castrillo
24%
Simone Consonni
24%
Soren Waerenskjold
24%
XDS-Astana (KAZ) Yevgeniy Fedorov
24%
Connor Swift
23%
Davide Ballerini
23%
Lennert Van Eetvelt
23%
Sergio Higuita
23%
Callum Scotson
22%
Damien Touzé
22%
Ivan Garcia Cortina
22%
Laurence Pithie
22%
Amaury Capiot
21%
Eddie Dunbar
21%
Thomas Gachignard
21%
Toms Skujins
21%
Vincenzo Albanese
21%
Alberto Dainese
20%
Alexandre Delettre
20%
Arkéa-B & B Hotels (FRA) Clément Venturini
20%
Israel-PremierTech (ISR) Matis Louvel
20%
Mike Teunissen
20%
Samuel Watson
20%
Cyril Barthe
19%
Eduardo Sepulveda
19%
Maximilian Schachmann
19%
Emiel Verstrynge
18%
Red Bull - Bora-Hansgrohe (ALL) Gianni Moscon
18%
Gregor Mühlberger
18%
Guillaume Boivin
18%
Kamil Gradek
18%
Michael Valgren
18%
Pascal Eenkhoorn
18%
Robert Stannard
18%
Simone Velasco
18%
Tobias Lund Andresen
18%
Jonas Rutsch
17%
Joseph Blackmore
17%
Krists Neilands
17%
Team Jayco-AlUla (AUS) Luka Mezgec
17%
Team Picnic-PostNL (HOL) Pavel Bittner
17%
Lotto (BEL) Jarrad Drizners
16%
Jasper De Buyst
16%
Luke Durbridge
16%
Sébastien Grignard
16%
Bert Van Lerberghe
15%
Elmar Reinders
14%
Jenno Berckmoes
14%
Marius Mayrhofer
14%
Mick Van Dijke
14%
Will Barta
14%
Roel Van Sintmaartensdijk
13%
Sean Flynn
11%
Tim Naberman
11%
Vito Braet
11%
Fabian Lienhard
10%
Stian Edvardsen Fredheim
10%
Niklas Märkl
9%
Markus Hoelgaard
8%
Aucun quiz correspondant
Distribution des résultats
% des personnes avec chaque résultat
Percentile par nombre de réponses
Votre historique - résultats
Vous n’avez pas pris ce quiz depuis la dernière actualisation